| 000 | 01389cam a22003974a 4500 | ||
|---|---|---|---|
| 001 | 14043012 | ||
| 003 | OSt | ||
| 005 | 20260130125021.0 | ||
| 008 | 050719s2006 njua b 001 0 eng | ||
| 010 | _a 2005051499 | ||
| 020 | _a0131195964 | ||
| 020 | _a9780131195967 | ||
| 035 | _a14043012 | ||
| 035 | _a(OCoLC)61285675 | ||
| 040 |
_aDLC _cDLC _dYDX _dBAKER _dDLC |
||
| 042 | _apcc | ||
| 050 | 0 | 0 |
_aLB1623 _b.W48 2006 |
| 082 | 0 | 0 |
_a373.2/36 _222 |
| 100 | 1 | _aWiles, Jon. | |
| 245 | 1 | 4 |
_aThe essential middle school / _cJon Wiles, Joseph Bondi, Michele Tillier Wiles. |
| 250 | _a4th ed. | ||
| 260 |
_aUpper Saddle River, N.J. : _bPearson/Merrill Prentice Hall, _cc2006. |
||
| 300 |
_axviii, 382 p. : _bill. ; _c24 cm. |
||
| 336 |
_atext _btxt _2rdacontent |
||
| 337 |
_aunmediated _bn _2rdamedia |
||
| 338 |
_avolume _bnc _2rdacarrier |
||
| 504 | _aIncludes bibliographical references and indexes. | ||
| 650 | 0 | _aMiddle schools. | |
| 700 | 1 | _aBondi, Joseph. | |
| 700 | 1 | _aWiles, Michele. | |
| 856 | 4 | 1 |
_3Table of contents only _uhttp://www.loc.gov/catdir/toc/fy0701/2005051499.html |
| 906 |
_a7 _bcbc _corignew _d1 _eocip _f20 _gy-gencatlg |
||
| 942 |
_2lcc _cBK |
||
| 999 |
_c265812 _d265811 |
||